Normal view
MARC view
Entry Personal Name
001 - CONTROL NUMBER
- control field: 1236790
003 - CONTROL NUMBER IDENTIFIER
- control field: OSt
005 - DATE AND TIME OF LATEST TRANSACTION
- control field: 20260430150214.0
008 - FIXED-LENGTH DATA ELEMENTS
- fixed length control field: 260430|| aca||aabn | a|a d
040 ## - CATALOGING SOURCE
- Original cataloging agency: OSt
- Transcribing agency: OSt
100 ## - HEADING--PERSONAL NAME
- Personal name: Singh Hema Au.; Goomer Sangeeta Gu
670 ## - SOURCE DATA FOUND
- Source citation: Work cat.: (OSt)1849213: Singh Hema Au.; Goomer Sangeeta Gu., Arsenic Concentration in Rice(Oryza Satiya) and its fractions produced in trans indo-Ganetic Plain of India, its Soruce and Effect of Cooking, 2021
